000 00503nam a2200181 4500
003 SEACOMMC
005 20250509131400.0
008 250205b |||||||| |||| 00| 0 eng d
020 _a978-81-272-4118-6
_cRs.125.00
040 _aSEACOMMC
082 _a519.30246
_bN 142
100 _aNag, N.K.
245 1 _aStatistics for BBA 2nd Semester,WBUT /
_cN.K. Nag [and] S.K. Nag
250 _a2nd ed.
260 _a Kolkata
_b Kalyani Publishers
_c 2008
650 _a Business Mathematics
942 _cBOOK
999 _c1055
_d1055